000 00498nam a2200157 i 4500
001 86749
003 ES-MaACL
007 t|
008 041215s1905 sp ||||1| spa d
100 1 _aKleinpeter, Hans.
_968232
245 1 4 _aDie erkenntnistheorie der naturforschung der gegenwart /
_cHans Kleinpeter ; dargestellit von G. Kleinpeter.
260 _aLeipzig :
_bJohann Ambrosius Barth,
_c1905.
300 _aXII, 156 p. ;
_c22 cm.
700 1 _aKleinpeter, G.
_968231
852 _aES-MaACL
_jG-2626
999 _c86749
_d86749